000 00572cam a22001697a 4500
008 180718b1977 xxu||||| |||| 00| 0 eng d
082 _aJ71x5434 In2
100 _aArora, Ramesh K.
245 _aJaipur: profile of a changing city
_cby Ramesh K. Arora, Rakesh Hooja and Shashi Mathur
260 _aJaipur
_bH.C.M. State Institute of Public Administration
_c1977
300 _a137p.
650 _aCities and towns - India - Rajasthan
700 _aH.C.M State Institute of Public Administration
700 _aMathur, Shashi
700 _aHooja, Rakesh
700 _aIIPA
999 _c475988
_d475988